| 000 | 00539nam a2200217Ia 4500 | ||
|---|---|---|---|
| 003 | 0100 | ||
| 008 | 130227s9999 xx 000 0 und d | ||
| 040 | _cARRUPELIB | ||
| 050 | _aDS463.M256 | ||
| 100 | _aMasani, Zareer | ||
| 245 | _aIndian tales of the Raj | ||
| 260 | _aBerkeley | ||
| 260 | _bUniversity of California Press | ||
| 260 | _C1987 | ||
| 300 | _a164p. | ||
| 300 | _b 23 cm | ||
| 650 | _bSlavery and Islam--History | ||
| 650 | _cSlavery--Islamic countries--History | ||
| 650 | _dAfrican diaspora | ||
| 942 |
_2lcc _01 |
||
| 999 |
_c4684 _d4684 |
||